000 00564nab a2200181 a 4500
005 20240910064007.0
008 991125s1985 mx 000 0 spa u
035 _aUPN01000151302
222 _aREVISTA MEXICANA DE PSICOLOGIA
245 _aConducta prosocial y procesos psicológicos implicados : un estudio longitudinal en la adolescencia
300 _a203-215
362 0 _a2006 Vol. 23, no. 2, dic.
650 4 _aCONDUCTA PROSOCIAL
650 4 _aAdolescencia
_91008
650 4 _aEmociones
_939
700 0 2 _aMESTRE, Vicenta, coaut.
905 _aArticulo
999 _c123440
_d123440